Normal view MARC view
  • Minor Juárez, César

Entry Nombre Personal

Number of records used in: 1

001 - NUMERO DE CONTROL

  • campo de control: 53765

003 - IDENTIFICADOR DE NUMERO DE CONTROL

  • campo de control: MX-MxUPN

005 - FECHA Y HORA DE LA ÜLTIMA TRANSACCIÓN

  • campo de control: 20240927120657.0

008 - DATOS DE LONGITUD FIJA

  • campo de control de longitud fija: 240927|| aca||aabn | aaa d

040 ## - FUENTE DE CATALOGACIÓN

  • Agencia original de catalogación: MX-MxUPN
  • Lenguaje de catalogación: spa
  • Agencia de transcripción: MX-MxUPN

100 1# - ENCABEZAMIENTO - NOMBRE PERSONAL

  • Nombre personal: Minor Juárez, César

672 ## - TÍTULO RELACIONADO CON LA ENTIDAD

  • Title: Ciencias I : (énfasis en biología) : guía de trabajo, 2006:
  • Remainder of title: página legal (César Minor Juárez)

902 ## - CATALOGADOR

  • Catalogador: Víctor Ruiz/270924